000 00550nam a2200217Ia 4500
003 OSt
005 20220926045413.0
006 a|||||r|||| 00| 0
007 ta
008 220923b |||||||| |||| 00| 0 eng d
037 _cGeneral Book
040 _aRTL
_cRTL
_beng
041 _2eng
_aeng
082 _aY:5.5.N7, L8
110 _aCouncil of Europe
_9112706
245 0 _aPopulation Decline in Europe
260 _c1978
700 _aCouncil of Europe
_9112707
942 _hY:5.5.N7, L8
_cGB
_2CC
999 _c677495
_d677495